Against aggression ; speeches /

Bibliographic Details
Main Author: Litvinov, M. M. (Maksim Maksimovich), 1876-1951
Format: Book
Language:English
Published: New York : International publisher co. inc., [1939]
Subjects:

MARC

Tag First Indicator Second Indicator Subfields
LEADER 00000cam a2200000 4500
001 in00000061494
005 20151007082809.0
008 741016r19391939 eng u
010 |a  40003773  
035 |a (OCoLC)01042232 
035 |9 AAF8422AM 
040 |c OUN  |d TXA  |d UtOrBLW 
049 |a TXAM  |c [103775] 
050 0 |a DK268.L5  |b A35 
082 0 |a 327.47 
092 |a 327.47  |b L782a 
100 1 |a Litvinov, M. M.  |q (Maksim Maksimovich),  |d 1876-1951. 
245 1 0 |a Against aggression ;  |b speeches /  |c by Maxim Litvinov, together with texts of treaties and of the Covenant of the League of nations. 
264 1 |a New York :  |b International publisher co. inc.,  |c [1939] 
300 |a  208 pages ;  |c 22 cm. 
336 |a text  |b txt  |2 rdacontent 
337 |a unmediated  |b n  |2 rdamedia 
338 |a volume  |b nc  |2 rdacarrier 
500 |a Printed in Great Britain. 
500 |a "First published 1939." 
651 0 |a Soviet Union  |x Foreign relations. 
651 0 |a Soviet Union  |x Foreign relations  |v Treaties. 
999 |a MARS 
999 f f |s 095d2edb-5224-33ed-9db0-789a9b46241b  |i 9e708bcd-2ba8-34cf-bb0f-73dde25ab6d0  |t 0 
952 f f |p ric  |a Texas A&M University  |b Rellis Campus  |c Joint Library Facility  |d Remote Storage  |t 0  |e DK268.L5 A35  |h Library of Congress classification  |i unmediated -- volume  |m A14800675797 
998 f f |a DK268.L5 A35  |t 0  |l Remote Storage